Alle Pokébälle in Pokemon - Statistiken

Allgemein
  • Dieses Quiz wurde 51 mal gespielt
  • Das Durchschnittsergebnis liegt bei 16 aus 29
Antwortstatistiken
Beschreibung Antwort % Korrekt
Damit fängst du wilde Pokémon Pokéball
100%
Ein Ball mit guter Erfolgsquote Superball
100%
Ein Ball mit hoher Erfolgsquote. Hyperball
97%
Der beste Ball! Damit fängst du garantiert jedes wilde Pokémon. Meisterball
95%
Ein besonderer Ball, der unter anderem in der Safari-Zone der Kanto-Region und im Großmoor der Sinnoh-Region eingesetzt wurde. Safariball
87%
Ein Ball, mit dem sich Wasser- und Käfer-Pokémon leichter fangen lassen. Netzball
82%
Ein wohltuender Ball. Er füllt alle KP des gefangenen Pokémon auf und behebt alle Statusprobleme. Heilball
76%
Ein Ball, der sich besonders gut eignet, um Pokémon zu fangen, die sich durch einen Mondstein weiterentwickeln. Mondball
76%
Ein mysteriöser Ball, geeignet für Einsätze in der Nacht oder an dunklen Orten. Finsterball
68%
Ein Ball, der sich besonders gut eignet, um Pokémon mit hohem Körpergewicht zu fangen. Schwerball
68%
Ein ungewöhnlicher Ball, der zu Beginn eines Kampfes am wirkungsvollsten ist. Flottball
61%
Ein Ball, dessen Erfolgsquote besonders bei schwächeren Pokémon sehr hoch ist. Nestball
61%
Ein eher seltener Ball, der als Reminiszenz an irgendein Ereignis hergestellt wurde. Premierball
61%
Ein Ball, der mit zunehmender Kampfdauer effektiver wird. Timerball
58%
Ein Ball, der besonders dann sehr gut ist, wenn man ein Pokémon fängt, dessen Art bereits gefangen wurde. Wiederball
55%
Ein etwas ungewöhnlicher Ball, mit dem sich Pokémon, die auf oder im Wasser leben, leichter fangen lassen. Tauchball
53%
Ein etwas ungewöhnlicher Ball, der die Sympathie von gefangenen Pokémon sofort ansteigen lässt. Freundesball
50%
Ein behaglicher Ball, der Pokémon veranlasst, nach dem Fang schneller freundlicher zu werden. Luxusball
50%
Ein Ball, der sich besonders gut eignet, um Pokémon zu fangen, die an deiner Angel hängen. Köderball
47%
Ein etwas ungewöhnlicher Ball, mit dem sich Pokémon nur schwer fangen lassen. Ultraball
42%
Ein Ball, mit dem sich Pokémon umso leichter fangen lassen, je niedriger ihr Level im Vergleich zu deinem Team ist. Levelball
32%
Ein Ball, der nur im Park der Freunde eingesetzt wird. Parkball
32%
Ein etwas ungewöhnlicher Ball, mit dem sich schläfrige Pokémon leichter fangen lassen. Traumball
29%
Ein besonderer Ball, der beim Käferturnier der Johto-Region eingesetzt wird. Turnierball
29%
Ein Ball, der sich besonders gut eignet, um Pokémon zu fangen, die ein anderes Geschlecht haben als dein Pokémon. Sympaball
26%
Ein Ball, der sich besonders gut eignet, um flinke Pokémon zu fangen. Turboball
26%
Ein geheimnisvoller Ball. GS-Ball
21%
Ein seltener Ball, der als Reminiszenz an irgendein Ereignis hergestellt wurde. Jubelball
18%
Dieser Ball verfügt über keine Beschreibung. Rätselball
3%
Keine übereinstimmenden Quizze gefunden
Verteilung der Resultate
Anzahl Personen mit jedem Resultat
Perzentil nach korrekt beantworteten Fragen
Ihre Resultats-Entwicklung
Sie haben dieses Quiz noch nicht gespielt